000 00612nam a2200217Ia 4500
005 20241129115522.0
008 241129s9999||||xx |||||||||||||| ||und||
020 _a9789354551765
037 _aTB
040 _aSDCL
_beng
_cSDCL
041 _aeng
_2eng
084 _aV1:19'P R2
_qSDCL
100 _aMahawar Nutan Kapoor Ed.; Saraswat Deepika Ed.
_9727642
245 0 _aAdvancing reformed multilateralism in the changing World
260 _aChennai
_bMacmillan
_c2022
300 _avi,284p.
365 _aINR
_b1600
650 _aGift
942 _cTB
_hV1:19'P R2
999 _c1230787
_d1230787